Quizzes
Events
Quiz Creation
Community
Videos
Private Events
Remove Ads
Sign In
Join for FREE
Feedback
Dark Mode
Quiz Categories
Sports
Geography
Music
Movies
Television
Just For Fun
Miscellaneous
History
Literature
Language
Science
Gaming
Entertainment
Religion
Holiday
For Kids
Quiz Lab
Recent
Popular Today
Quiz Kudos Today
Editor Picks
Curator Picks
Quizzes by...
Day
Popularity
Type
Ratings
Length
Year
Community
Subscriptions
Recent Discussions
Orange Saloon
Badges
Playlists
Quests
Create
Leaderboards
Showdown
Live 5
Trivia Bingo
Activity
Puzzle Library
Sporcle Events
Private Events
Virtual Trivia
Globe League
Become a Host
Pub Owners
SporcleCon
Opinionation
Our Games
Videos
Blog
Mobile Apps
Partnerships
Remove Ads and Go Orange
Feedback
Sports
Athletes
MLB
NBA
NHL
NFL
Soccer
Sports Teams
WWE
NCAA
Football
Premier League
Basketball
Baseball
Hockey
Golf
Tennis
Cricket
Rugby
Auto Racing
Olympics
World Cup
Sports
Athletes
MLB
NBA
NHL
NFL
Soccer
Sports Teams
WWE
NCAA
Football
Premier League
Basketball
Baseball
Hockey
Golf
Tennis
Cricket
Rugby
Auto Racing
Olympics
World Cup
Random Quiz
Search Sporcle
×
Quiz Lab
Quiz Lab
Sports
WWE
Type in answers that appear in a list
Type in answers that appear in a list
Classic
Best Score? Go Orange.
PWI Wrestling Match of the Year Stats
Can you name the Wrestlers that participated in a match named PWI Match of the Year?
By
nscox
10m
96 Questions
9,265 Plays
9,265 Plays
9,265 Plays
Comments
Comments
Give Quiz Kudos
Give Quiz Kudos
-
- Ratings
hide this ad
Replay
Link that replays current quiz
Next Quiz
Link to next quiz in quiz playlist
You Got
0%
They Got
Avg Score
82%
Avg Friend Score
Upgrade to see
Score Distribution
Jump to the score distribution portion of the page
Score
0/96
Timer
10:00
1
Play Today
% Correct
Hulk Hogan
98.2%
Hulk Hogan
98.2%
Hulk Hogan
98.2%
Hulk Hogan
98.2%
Shawn Michaels
97.7%
Shawn Michaels
97.7%
Shawn Michaels
97.7%
Shawn Michaels
97.7%
The Undertaker
97.7%
Shawn Michaels
97.7%
Shawn Michaels
97.7%
Shawn Michaels
97.7%
Shawn Michaels
97.7%
Shawn Michaels
97.7%
The Undertaker
97.7%
Shawn Michaels
97.7%
The Undertaker
97.7%
Shawn Michaels
97.7%
The Undertaker
97.5%
Ric Flair
97.4%
Ric Flair
97.4%
Ric Flair
97.4%
Ric Flair
97.4%
Ric Flair
97.4%
Triple H
97.2%
The Rock
97.1%
The Rock
97.1%
Triple H
97.1%
Bret Hart
96.6%
Bret Hart
96.6%
Bret Hart
96.6%
John Cena
96.4%
% Correct
John Cena
96.4%
Steve Austin
96.3%
Edge
95.9%
Edge
95.9%
Jeff Hardy
95.2%
Jeff Hardy
95.2%
Matt Hardy
95.2%
Matt Hardy
95.2%
John Cena
95.1%
Christian
95.1%
Christian
95.1%
Mankind
94.4%
Mankind
94.4%
Bubba Ray Dudley
94.3%
Bubba Ray Dudley
94.3%
D-Von Dudley
94.3%
D-Von Dudley
94.3%
Kurt Angle
92.5%
Kurt Angle
92.5%
CM Punk
92.5%
Razor Ramon
91.9%
Randy Savage
91.8%
Chris Benoit
90.3%
Brock Lesnar
90.1%
The Ultimate Warrior
90%
Diesel
88.4%
Ricky Steamboat
88.2%
Ricky Steamboat
88.2%
Roddy Piper
86.5%
Daniel Bryan
84.6%
Mr. T
83.9%
Bruno Sammartino
82.9%
% Correct
Bruno Sammartino
82.9%
Bruno Sammartino
82.9%
Bruno Sammartino
82.9%
Bruno Sammartino
82.9%
Andre the Giant
82.7%
Andre the Giant
82.7%
The British Bulldog
81.5%
Sting
78.1%
Paul Orndorff
77.7%
Dusty Rhodes
76.8%
Dusty Rhodes
76.8%
Vince McMahon
75.7%
Bob Backlund
75%
Bob Backlund
75%
Lex Luger
66.7%
Harley Race
65.3%
Harley Race
65.3%
Harley Race
65.3%
Marty Jannetty
65%
Scott Steiner
60.3%
Rick Steiner
60.3%
Billy Graham
59.3%
Billy Graham
59.3%
Jimmy Snuka
47.4%
Dory Funk, Jr.
45.1%
Dory Funk, Jr.
45.1%
Kerry Von Erich
42.3%
Larry Zbyszko
32.6%
Jack Brisco
30.1%
Stan Hansen
20.5%
Killer Khan
19.7%
Spiros Arion
8.6%
Quiz Playlist
Details
Report
Send in Message
Add To Playlist
Classic:
Type in answers that appear in a list
Quiz Source
Last Updated: Feb 16, 2017
Quiz Scoreboard
CHALLENGE
Sign Up to Join the Scoreboard
Show All
Scores
Hide
Comments
May contain spoilers
Recently Published
College Basketball Coaching Resumes
by pancakes188
Sports
9m
Billboard Blitz: Fleetwood Mac
by CooCooCachoo
Music
15s
Presidents Visiting Landmarks
by Hejman
History
7m
More to Explore
Quiz From the Vault
Featured Blog Post
Where Did the Easter Bunny Come From?
hide this ad
You Might Also Like...
Tags
WWE Quiz
NWA
PWI
WCCW
WCW
Wrestlemania
Wrestlers
Wrestling
WWF
Today's Top Quizzes in Sports
Browse Sports
hide this ad
Today's Top Quizzes in WWE
Browse WWE
Top Contributed Quizzes in Sports
1
2022 World Cup Stars
2
Les meilleurs buteurs des matchs entre le PSG et l’OM
3
FIFA Club World Cup Champions
4
Les entraîneurs de l'OM et du PSG au 21e siècle
5
Criteria MLB: Left Handed Sluggers
6
AFC Teams Reveal (Wrong Answers Minefield)
7
5-to-1: UK Sports Teams
8
5-to-1: FBS Animal Nicknames
9
2023 MLB Unique Player Accomplishments
10
Name the Premier League winners with different clubs
Explore More
Trending Topics
Disney
NBA
Crossword
Kpop
Marvel
Harry Potter
Anime
The Office
Puzzle
Pokémon
Country
WWE
NFL
Soccer
Song
hide this ad
More By:
nscox
Quiz
Plays
Rating
Category
Featured
Created
2012 Summer Olympics Minefield
527,202
4.14
Sports
Jul 11, 2012
NHL Teams (Redux)
280,081
4.17
Sports
Mar 31, 2012
WWE 'Money in the Bank' Match Participants
246,724
4.23
Sports
Jun 27, 2011
Every WrestleMania Match 1-31!
239,997
4.57
Sports
Mar 4, 2012
Famous Wrestlers by Picture
236,447
4.21
Sports
Sep 13, 2012
Go to Creator's Profile
Score Distribution
Quiz Creator Spotlight
nscox
Follow
Send a Message
Quizzes Created
-
Created Quiz Play Count
-
More By This Creator
Popular Quizzes Today
1
Find the US States - No Outlines Minefield
2
Find the Countries of Europe - No Outlines Minefield
3
The Countries of the World
4
Find the US States
5
Risky Map Clicking: Biggest States A-Z
6
US States
7
Popular People in 1961
8
Movies - When Are They Set?
More Sports Quizzes
Premier League Teams for Dummies
Editor's Pick
Trending Quizzes
Risky Map Clicking: Least Populous States A-Z
1-10 Letter G Words
1-10 Letter F Words
Risky Map Clicking: Next State Alphabetically
Risky Map Clicking: Biggest States A-Z
Recently Updated
Leaping Animals
pecheneg
Reality TV Shows (A-Z)
bhenderson79
Rickey Henderson's Hall of Fame Teammates
pecheneg
Champions League XIs: Arsenal
pecheneg
Quick Pick: Celebrities in WWE's Hall of Fame
aduchscher
A-Z Keypad Blitz II
pecheneg
Multiple Oscar Actors
pecheneg
Mystery Phrase Blitz: Oscar 'Best Actors'
pecheneg
F. Scott Fitzgerald Novels
LTH
Pick 3 Villains
ddd62291
Trending Topics
Harry Potter
Anime
Kpop
Disney
NBA
Marvel
Crossword
Song
Country
Puzzle
WWE
The Office
NFL
Pokémon
Soccer
Your Account Isn't Verified!
In order to create a playlist on Sporcle, you need to verify the email address you used during registration. Go to your
Sporcle Settings
to finish the process.
Report this User
Report this user for behavior that violates our
Community Guidelines
.
Details:
Send Report
Go to the Sporcle.com Mobile Site →
Comments